| 000 | 00626nam a2200241Ia 4500 | ||
|---|---|---|---|
| 005 | 20250425162606.0 | ||
| 008 | 250425s9999 xx 000 0 und d | ||
| 020 | _a9780073398129 | ||
| 041 | _aeng | ||
| 082 | _a621.4022 | ||
| 100 | _aCENGEL, YUNUS A. | ||
| 245 | 0 | _aHEAT AND MASS TRANSFER: FUNDAMENTALS & APPLICATIONS | |
| 250 | _a4TH ED. | ||
| 260 |
_aEstados Unidos _bMCGRAW-HILL _c2011 |
||
| 260 | _aNEW YORK | ||
| 300 | _a924 | ||
| 500 | _aCADA EJEMPLAR INCLUYE 1 CD | ||
| 650 | _aTRANSFERENCIA DE MASA | ||
| 650 | _aTRANSMISION DE CALOR | ||
| 700 | _aGHAJAR, AFSHIN J | ||
| 942 | _c01 | ||
| 010 | _a87974 | ||
| 999 |
_c232399 _d232399 |
||